Nitya Sava Vidhi (Record no. 1406096)
[ view plain ]
| 000 -LEADER | |
|---|---|
| fixed length control field | 00690nam a2200289Ia 4500 |
| 008 - FIXED-LENGTH DATA ELEMENTS--GENERAL INFORMATION | |
| fixed length control field | 161109s9999||||xx |||||||||||||| ||und|| |
| 040 ## - CATALOGING SOURCE | |
| Transcribing agency | Sanskrit - Hindi |
| 082 ## - DEWEY DECIMAL CLASSIFICATION NUMBER | |
| Classification number | V / Haridas |
| 082 ## - DEWEY DECIMAL CLASSIFICATION NUMBER | |
| Item number | BORI-81415 |
| 100 ## - MAIN ENTRY--PERSONAL NAME | |
| Personal name | P.Hariprashad Sharma |
| 245 ## - TITLE STATEMENT | |
| Title | Nitya Sava Vidhi |
| 260 ## - PUBLICATION, DISTRIBUTION, ETC. (IMPRINT) | |
| Place of publication, distribution, etc | Mathura |
| 260 ## - PUBLICATION, DISTRIBUTION, ETC. (IMPRINT) | |
| Name of publisher, distributor, etc | Madan Mohan |
| 300 ## - PHYSICAL DESCRIPTION | |
| Extent | 38 |
| 300 ## - PHYSICAL DESCRIPTION | |
| Dimensions | A |
| 300 ## - PHYSICAL DESCRIPTION | |
| Accompanying material | Paperback |
| 530 ## - ADDITIONAL PHYSICAL FORM AVAILABLE NOTE | |
| Availability source | "Bahirat , B.P" |
| 530 ## - ADDITIONAL PHYSICAL FORM AVAILABLE NOTE | |
| Uniform Resource Identifier | <a href="000081415.Pdf">000081415.Pdf</a> |
| 563 ## - BINDING INFORMATION | |
| Binding note | Study |
| 600 ## - SUBJECT ADDED ENTRY--PERSONAL NAME | |
| Personal name | P.Hariprashad Sharma |
| 630 ## - SUBJECT ADDED ENTRY--UNIFORM TITLE | |
| Uniform title | Nitya Sava Vidhi |
| 650 ## - SUBJECT ADDED ENTRY--TOPICAL TERM | |
| Topical term or geographic name as entry element | Dharmashastra |
| 650 ## - SUBJECT ADDED ENTRY--TOPICAL TERM | |
| Topical term or geographic name as entry element | Dharmashastra |
| 700 ## - ADDED ENTRY--PERSONAL NAME | |
| Personal name | P.Hariprashad Sharma |
| 730 ## - ADDED ENTRY--UNIFORM TITLE | |
| Uniform title | Nitya Sava Vidhi |
| 942 ## - ADDED ENTRY ELEMENTS (KOHA) | |
| Koha item type | Book |
| Withdrawn status | Lost status | Damaged status | Not for loan | Home library | Current library | Date acquired | Cost, normal purchase price | Total Checkouts | Full call number | Barcode | Date last seen | Cost, replacement price | Price effective from | Koha item type |
|---|---|---|---|---|---|---|---|---|---|---|---|---|---|---|
| Bhandarkar Oriental Research Institute, Pune | Bhandarkar Oriental Research Institute, Pune | 02/02/1998 | 2.00 | BORI-81415 | BORI-81415 | 11/09/2016 | 2.00 | 11/09/2016 | Book |